| 000 | 01255cad a22002055a 4500 | ||
|---|---|---|---|
| 001 | L138087 | ||
| 008 | 070516s2005 xxk f s 000 0 eng d | ||
| 035 | _a(Sirsi) u138087 | ||
| 041 | 0 | _aeng | |
| 110 | 2 |
_aDrivers Jonas _91941 |
|
| 245 | 0 | 0 |
_aFinancial incentives for sustainable buildings _b10 years on _h[electronic resource] |
| 260 |
_aLondon _bDrivers Jonas _b2005 |
||
| 520 | _aReports on the third of Drivers Jonas' studies based on questionnaires regarding. Replicates the questions of earlier surveys to ascertain how attituded have changed. Reveals limited understanding of sustainability issues, and the Energy Performance of Buildings Directive. The market seems ill-prepared for forthcoming legislation. Views on incentives for sustainable building construction are positive. General opinion seems to be that the effects of sustainable buildings have yet to hit the market, but will do in future. | ||
| 520 | _aItem not found on Drivers Jonas website 12/9/2011. | ||
| 650 | 2 | 4 | _aDIRECTIVE 2002/91/EC |
| 651 | 4 |
_aUnited Kingdom _y |
|
| 690 | _aBUILT ENVIRONMENT-SUSTAINABLE CONSTRUCTION | ||
| 856 | 4 | 0 | _uhttps://www.driversjonas.com/uk.aspx?doc=20869View the item for free at www.driversjonas.com. Registration is required... |
| 942 | _n0 | ||
| 999 |
_c106994 _d106994 |
||